00967nam a22002417a 450000500170000001000150001702000260003203500130005803700130007108200150008410000200009924501260011926000390024527000440028430000330032850000660036165000440042765000390047170000290051094200290053999900170056895201400058520130521121751.0 aENG-107200 a9788125049357c695.00 aEN-90733 bDBAD/PUB a331.620953 aZachariah, K.C.00aKerala's gulf connection, 1998-2011 :cby K.C.Zachariah [and] S. Irudaya Rajanbeconomic and social impact of migration / aNew DelhibOrient Blackswan c2012 a1/24, Asaf Ali Road,bNew Delhie110002 axvii, 261p.:c22cm(Hb)bill. aIncludes bibliographical references (p. [251]-256) and index. a Foreign workers zPersian Gulf Region. a Labor mobilityz India z Kerala. aRajan, S. Irudayad1959- 2ddccENh331.620953mZAC c75797d75797 001040718NFICaDBADbDBADd2013-05-20eDBAD/PUBg695.00l0o331.620953 ZACpEN-90733r2013-05-20 00:00:00t1v695.00w2013-05-20yEN